| 000 | 00937nam a2200277 a 4500 | ||
|---|---|---|---|
| 001 | 000024795 | ||
| 005 | 20200930023356.0 | ||
| 008 | 110204s1994 sp r 000 0 spa d | ||
| 020 | _a8477203660 | ||
| 040 |
_aDO-SdBNP _bspa _cBNPHU |
||
| 041 | 1 | 7 |
_aspa _heng _2Código de idiomas MARC |
| 082 |
_ann* _bnn* |
||
| 100 | 1 |
_aRay, Sondra. _944722 |
|
| 240 | 1 | 0 |
_aLoving relationships II. _lEspañol |
| 245 | 1 | 0 |
_aRelaciones de amor II : _blos secretos de una gran relación / _cSondra Ray ; traducción de J. M. Pomares ; introducción de Bob Mandel. |
| 260 |
_aBarcelona : _bObelisco, _c1994. |
||
| 300 |
_a249 p. ; _c21 cm. |
||
| 490 | 1 | _aNueva consciencia | |
| 534 |
_aTítulo original : _tLoving relationships II |
||
| 500 | _a"Primera selección". | ||
| 504 | _aBibliografía : 247-249 p. | ||
| 700 | 1 |
_aMandel, Bob, _eintrod. _944718 |
|
| 700 | 1 |
_aPomares, J. M. _950883 |
|
| 830 | 0 |
_aNueva consciencia _948106 |
|
| 049 | _aBNPHU | ||
| 999 |
_c24288 _d24288 |
||